00578 2200217 4500001002100000005001700021008004100038035002400079082001200103090001900115100002700134245003300161250001100194260005000205300002400255650003300279850001200312980001500324985000600339999001500345YOGYA-0209000005028020090227032443.0 ind  0010-020900000050280 a899.223 a899.223bSis S aSISWORAHARDJO, Sunarno aSintacSunarno Sisworahardjo aCet. 1 aJakartabDinas Penerbitan Balai Pustakac1957 a68 hlmbilusc20 cm aKesusasteraan Melayu - drama aYOPDYOG a07-12-2007 a1 aa000040837